Devinez le Pays Mystère #125 - Statistiques

Statistiques générales
  • Ce quiz a été pris 340 fois
    290 depuis la dernière actualisation
  • Le résultat moyen est 12 sur 15
Statistiques - réponses
Type de Réponse Réponse % Correct
Lettre Trouvée E
100%
Lettre Bien Placée E
98%
Lettre Trouvée N
95%
Lettre Trouvée G
92%
Lettre Trouvée L
84%
Lettre Trouvée O
83%
Lettre Bien Placée G
82%
Lettre Bien Placée N
81%
Lettre Trouvée P
79%
Lettre Bien Placée L
76%
Lettre Bien Placée O
76%
Lettre Bien Placée O
73%
Lettre Trouvée O
69%
Lettre Bien Placée P
68%
Pays Mystère Pologne
68%
Aucun quiz correspondant
Distribution des résultats
% des personnes avec chaque résultat
Percentile par nombre de réponses
Votre historique - résultats
Vous n’avez pas pris ce quiz depuis la dernière actualisation